<?xml version="1.0" encoding="UTF-8"?>
<record
    xmlns:xsi="http://www.w3.org/2001/XMLSchema-instance"
    xsi:schemaLocation="http://www.loc.gov/MARC21/slim http://www.loc.gov/standards/marcxml/schema/MARC21slim.xsd"
    xmlns="http://www.loc.gov/MARC21/slim">

  <leader>01693nam a22002057a 4500</leader>
  <controlfield tag="003">DO-CoUTE</controlfield>
  <controlfield tag="005">20260520150025.0</controlfield>
  <controlfield tag="008">260520b        dr ||||| |||| 00| 0 spa d</controlfield>
  <datafield tag="040" ind1=" " ind2=" ">
    <subfield code="a">DO-CoUTE</subfield>
    <subfield code="b">spa</subfield>
    <subfield code="c">DO-CoUTE</subfield>
  </datafield>
  <datafield tag="082" ind1=" " ind2=" ">
    <subfield code="a">RD860.9AN629D</subfield>
  </datafield>
  <datafield tag="100" ind1="1" ind2=" ">
    <subfield code="a">Antigua, Kianny N. </subfield>
    <subfield code="e">Autor </subfield>
  </datafield>
  <datafield tag="245" ind1="1" ind2="0">
    <subfield code="a">10 Dominicanas de letras  : </subfield>
    <subfield code="b">Homenaje y Antolog&#xED;a /  </subfield>
    <subfield code="c">Kianny N. Antigua</subfield>
  </datafield>
  <datafield tag="260" ind1=" " ind2=" ">
    <subfield code="a">Rep&#xFA;blica Dominicana ; </subfield>
    <subfield code="c">2019</subfield>
  </datafield>
  <datafield tag="300" ind1=" " ind2=" ">
    <subfield code="a">140 p&#xE1;ginas : </subfield>
    <subfield code="c">22cm, </subfield>
  </datafield>
  <datafield tag="504" ind1=" " ind2=" ">
    <subfield code="a"> Incluye referencia bibliogr&#xE1;fica e &#xED;ndice.

</subfield>
  </datafield>
  <datafield tag="520" ind1=" " ind2=" ">
    <subfield code="a">10 dominicanas de letras. Homenaje &amp; antolog&#xED;a es una oda, un aliciente literario. Este texto re&#xFA;ne a diez transcendentales escritoras dominicanas que han residido o residen en el extranjero. Ellas son Camila Henr&#xED;quez Ure&#xF1;a, Rhina Espaillat, M&#xE9;lida Garc&#xED;a, Osiris Mosquea, Josefina B&#xE1;ez, Aurora Arias, Yrene Santos, Marianela Medrano, Rosa Silverio y Sussy Santana. Adem&#xE1;s de incluir poes&#xED;a, cuento y microcuento de estas escritoras, el libro tambi&#xE9;n contiene textos literarios, de ficci&#xF3;n y anecd&#xF3;ticos que celebran la grandeza, el talento o alg&#xFA;n aspecto especial en la vida de estas escritoras. Homenajes escritos por escritores y escritoras tambi&#xE9;n con excelsas trayectorias literarias. Es un privilegio poner en sus manos textos que var&#xED;an en g&#xE9;nero, en &#xE9;pocas, corrientes literarias, estilos, motivaciones y temas; textos de y para mujeres de letras que, a trav&#xE9;s de su talento, de su arte, de su educaci&#xF3;n, de su persistencia, de su fuerza, de su amor y respeto por la palabra se han convertido en pilares de nuestra literatura.</subfield>
  </datafield>
  <datafield tag="650" ind1=" " ind2="4">
    <subfield code="a">Homenaje y antologia </subfield>
  </datafield>
  <datafield tag="700" ind1="1" ind2=" ">
    <subfield code="a">Kianny N. Antigua </subfield>
    <subfield code="e">Autor </subfield>
  </datafield>
  <datafield tag="942" ind1=" " ind2=" ">
    <subfield code="2">ddc</subfield>
    <subfield code="c">BK</subfield>
  </datafield>
  <datafield tag="999" ind1=" " ind2=" ">
    <subfield code="c">24211</subfield>
    <subfield code="d">24211</subfield>
  </datafield>
  <datafield tag="952" ind1=" " ind2=" ">
    <subfield code="0">0</subfield>
    <subfield code="1">0</subfield>
    <subfield code="2">ddc</subfield>
    <subfield code="4">0</subfield>
    <subfield code="7">0</subfield>
    <subfield code="8">RD</subfield>
    <subfield code="a">BU</subfield>
    <subfield code="b">BU</subfield>
    <subfield code="c">GEN</subfield>
    <subfield code="d">2026-05-20</subfield>
    <subfield code="i">023799</subfield>
    <subfield code="l">0</subfield>
    <subfield code="o">RD860.9AN629D</subfield>
    <subfield code="p">023799</subfield>
    <subfield code="r">2026-05-20 15:00:56</subfield>
    <subfield code="t">Ej.1</subfield>
    <subfield code="w">2026-05-20</subfield>
    <subfield code="y">BK</subfield>
  </datafield>
</record>
